000 00572nam a2200241Ia 4500
003 0100
008 130307s9999 xx 000 0 und d
040 _cARRUPELIB
050 _aL. QB981.B56
245 _aBeyond Earth
245 _bMapping the Universe
260 _aWashington, DC
260 _bNational Geographic
260 _c2002
300 _a255p.
300 _b30cm
650 _aCOSMOLOGY
650 _bSocial change - Africa
650 _cSociology - Africa
650 _dAfrica - Social conditions
700 _aDeVorkin, David
942 0 0 _01
999 _c100696
_d100696